El Análisis de los servicios sociales: un modelo alternativo /
Las políticas neoliberales que se ponen en práctica en Latinoamérica, cuestionan cada vez más la calidad de la prestación de servicios sociales y propugnan por la privatización como alternativa. Con el fin de contribuir al estudio de los servicios sociales, se da a conocer un modelo alternativo de a...
Gorde:
| Egile nagusia: | |
|---|---|
| Formatua: | Texto |
| Gaiak: | |
| Etiketak: |
Etiketa erantsi
Etiketarik gabe, Izan zaitez lehena erregistro honi etiketa jartzen!
|
MARC
| LEADER | 00000 a a2200000 04500 | ||
|---|---|---|---|
| 001 | 15134 | ||
| 003 | |||
| 040 | |||
| 100 | |a Morera Guillén, Nidia Esther | ||
| 245 | |a El Análisis de los servicios sociales: |b un modelo alternativo / |c Nidia Esther Morera Guillén | ||
| 520 | |a Las políticas neoliberales que se ponen en práctica en Latinoamérica, cuestionan cada vez más la calidad de la prestación de servicios sociales y propugnan por la privatización como alternativa. Con el fin de contribuir al estudio de los servicios sociales, se da a conocer un modelo alternativo de análisis de estos servicios, el cual es producto tanto de la revisión y discusión de los aportes de distintos autores en el campo del análisis y el desarrollo organizacional de instituciones, programas y proyectos, como de la orientación y asesoría durante casi una década de prácticas académicas de los estudiantes de Trabajo Social de la Universidad de Costa Rica. Estas prácticas se centran en el ámbito de la formulación y ejecución de políticas públicas de carácter social y obligan a una permanente actualización para implementar procesos educativos que respondan a las necesidades de la población y a las oportunidades que el contexto socioeconómico ofrece. Se destaca una breve conceptualización acerca de lo que se entiende por análisis de servicios sociales, para proceder a sugerir un conjunto de variables básicas a utilizar de acuerdo con el nivel de análisis que se quiera llevar a cabo. Los servicios sociales en la actualidad se encuentran sometidos a fuertes cuestionamientos en su calidad y cantidad y los lineamientos emanados de los distintos organismos financieros internacionales obligan a los gobiernos latinoamericanos a replantear la política social mediante la focalización y privatización de los servicios. REV//jmml | ||
| 650 | |a ESTRATEGIA DEL DESARROLLO | ||
| 650 | |a NEOLIBERALISMO | ||
| 650 | |a PRIVATIZACION | ||
| 650 | |a POLITICA SOCIAL | ||
| 650 | |a PROBLEMAS SOCIALES | ||
| 650 | |a CONDICIONES DE VIDA | ||
| 650 | |a MARGINALIDAD | ||
| 650 | |a PUB.IIS | ||
| 773 | |g número 73 -74; páginas 197-207 | ||
| 999 | |c 34934 |d 34934 | ||
| 773 | 0 | |0 18728 |9 3058 |a Universidad de Costa Rica |d San José, Costa Rica Editorial UCR 1956- |o 16956 |t Revista de Ciencias Sociales/ |x 04825276 | |
